01551nam a2200301 a 450000100100000000500170001000800410002702000150006804000250008308200210010810000320012924501390016126000470030030000210034750000570036850400730042550400320049859000260053065000680055665100710062465100690069570000530076491000370081795201340085495201190098895201250110799900170123200002233820240315194914.0100930s19uu dr a 000 0 spa d a9993422649 aDO-SdBNPbspacBNPHU a330.97293bP349e1 aPeña, Victor Manuel9848310aEconomía política dominicana :bla expansión sostenida 1996-2000 /cVíctor Manuel Peña ; editor Juan Temístocles Montás. aSanto Domingo :bEl Nuevo Diario,c[19--]. a230 p. ;c22 cm. aIncluye datos biográficos del autor en las solapas aIncluye referencias bibliográficas y notas al pie de las páginas aBibliografía : p. 227-230 aInventariado, 2018/VM 4aEconomía políticazRepública Dominicanay1996-2000946095 4aRepública DominicanaxCondiciones Económicasy1996-2000946096 4aRepública DominicanaxPolítica Económicay1996-200094609712aMontás, Juan Temístocles d1950-eed.979676 aValidado. Control de calidad MFF 001054708DSaGRbGRcHDd2010-09-30iLF1l0o330.97293 P349ep22338-30r2020-06-25te. 3w2020-06-25yLFDSZPréstamo en sala 0010718PDaPDbPDcHDd2010-09-30iLF1l0o330.97293 P349ep22338-10r2020-06-25w2020-06-25yLFPDZNo se presta 0010718PDaPDbPDcHDd2010-09-30iLF1l0o330.97293 P349ep22338-20r2020-06-25te. 2w2020-06-25yLFPDZNo se presta c21836d21836